000 00943ngm a22003370a 4500
001 PT35345
003 AR-LpoUNG
005 20210201232316.0
007 co ||u|||uuuuu
008 191001s2007||||ag |||||||||||||||||spa d
020 _a9789871046737
_c$16.75
040 _aAR-LpoUNG
_bspa
_cAR-LpoUNG
_eaacr
041 _aspa
044 _aag
082 0 _a005.3 116pro
100 1 _aBacchini, Roberto Darío
245 1 0 _aEstadística :
_bprobabilidad e inferencia utilizando Excel y SPSS
260 _aBuenos Aires :
_bOmicrom System,
_c2007.
300 _agráfs.
505 0 _aAcompaña al impreso
650 4 _aECONOMETRIA
650 4 _aESTADISTICA
650 4 _aINFORMATICA
650 4 _aLENGUAJES DE PROGRAMACION
650 4 _aPROCESAMIENTO DE DATOS
650 4 _aPROGRAMAS DE COMPUTADORA
651 4 _aDOCUMENTOS TEORICOS O METODOLOGICOS
700 1 _aVázquez, Lara Viviana
905 _a35345
942 _cCDDVD
999 _c53322
_d53322